| 000 | 00672cam a2200181 i 4500 | ||
|---|---|---|---|
| 001 | 17690552 | ||
| 005 | 20251121150009.0 | ||
| 008 | 130409s2013 cauab be 001 0 eng | ||
| 020 |
_a9781412969338 _qset : hardcover |
||
| 050 | 0 | 0 |
_aU24 _b.E526 2013 |
| 082 | 0 | 0 |
_a355.003 _223 |
| 245 | 0 | 0 |
_aEncyclopedia of military science / _ceditor, G. Kurt Piehler, Florida State University ; associate editor, M. Houston Johnson V, Virginia Military Institute. |
| 300 |
_a4 volumes (xxxv, 1824 pages) : _billustrations, maps ; _c29 cm |
||
| 650 | 0 |
_aMilitary art and science _vEncyclopedias. |
|
| 700 | 1 | _aPiehler, G. Kurt. | |
| 700 | 1 |
_aJohnson, M. Houston, _cV. |
|
| 942 |
_2lcc _cBK _n0 |
||
| 999 |
_c8309 _d8309 |
||